[Event "Canarias-chT"]
[Site "Vecindario"]
[Date "2019.06.15"]
[Round "5.3"]
[White "Blanco Garcia Bajo, David"]
[Black "Sanchez Hernandez, Jorge Vicente"]
[Result "0-1"]
[WhiteElo "1109"]
[BlackElo "1383"]
[PlyCount "98"]
[EventDate "2019.06.13"]
[EventType "team-swiss"]
[EventRounds "6"]
[EventCountry "ESP"]
[SourceTitle "EXT 2020"]
[Source "ChessBase"]
[SourceDate "2019.10.17"]
[SourceVersion "1"]
[SourceVersionDate "2019.10.17"]
[SourceQuality "1"]
[WhiteTeam "La Caja de Canarias III"]
[BlackTeam "Roque Niquiomo  II"]
[WhiteTeamCountry "ESP"]
[BlackTeamCountry "ESP"]

1. e4 c5 2. Nf3 Nc6 3. d4 cxd4 4. Nxd4 g6 5. Nc3 Bg7 6. Be3 a6 7. Bc4 Nf6 8. 0-0 0-0 9. f4 d6 10. Qd2 Ng4 11. Nce2 Nxe3 12. Qxe3 Qb6 13. c3 e5 14. Nc2 Qxe3+ 15. Nxe3 exf4 16. Nxf4 Ne5 17. Be2 b5 18. Ng4 Bxg4 19. Rae1 Bxe2 20. Rxe2 f5 21. exf5 Rxf5 22. g3 Bh6 23. Nd5 Rxf1+ 24. Kxf1 Rf8+ 25. Kg2 Rf7 26. Re4 Bg7 27. Nf4 h6 28. Rd4 Rd7 29. Ne6 Nc4 30. Rd1 Ne3+ 31. Kf3 Nxd1 32. b3 Nxc3 33. a3 g5 34. Nxg7 Kxg7 35. Ke3 Nb1 36. a4 bxa4 37. bxa4 Kf6 38. Kd4 Ke6 39. Ke4 Nc3+ 40. Kd4 Nxa4 41. Ke4 Nc5+ 42. Kd4 Rb7 43. Kc4 a5 44. Kd4 a4 45. Kc4 a3 46. Kd4 a2 47. Kc4 a1Q 48. h4 Qc1+ 49. Kd4 Rb4# 0-1